Samson Wright's applied physiology. / (Record no. 68012)
[ view plain ]
| 000 -LEADER | |
|---|---|
| fixed length control field | 00965nam a2200325 a 4500 |
| 001 - CONTROL NUMBER | |
| control field | 68012 |
| 003 - CONTROL NUMBER IDENTIFIER | |
| rucl marc code | BD-RjUL |
| 005 - DATE AND TIME OF LATEST TRANSACTION | |
| control field | 20211209081724.0 |
| 008 - FIXED-LENGTH DATA ELEMENTS--GENERAL INFORMATION | |
| fixed length control field | 170329r19741971enka b 001 0 eng d |
| 020 ## - INTERNATIONAL STANDARD BOOK NUMBER | |
| International Standard Book Number | 019263321 x |
| International Standard Book Number | 0192633155 |
| International Standard Book Number | 0192633163 |
| 035 ## - SYSTEM CONTROL NUMBER | |
| System control number | (BD-RjUL)68221 |
| 040 ## - CATALOGING SOURCE | |
| Original cataloging agency | DLC |
| Transcribing agency | DLC |
| Modifying agency | DLC |
| -- | BD-RjUL |
| Language of cataloging | eng |
| 041 ## - LANGUAGE CODE | |
| Language code of text/sound track or separate title | eng |
| 082 00 - DEWEY DECIMAL CLASSIFICATION NUMBER | |
| Classification number | 612 |
| Edition number | 23 |
| Author mark and year | WRS 1971 |
| 100 1# - MAIN ENTRY--PERSONAL NAME | |
| Personal name | Wright, Samson. |
| Dates associated with a name | 1899-1956. |
| 9 (RLIN) | 201585 |
| 245 00 - TITLE STATEMENT | |
| Title | Samson Wright's applied physiology. / |
| Statement of responsibility, etc. | Samson Wright. |
| 250 ## - EDITION STATEMENT | |
| Edition statement | 12th ed.; |
| 260 ## - PUBLICATION, DISTRIBUTION, ETC. (IMPRINT) | |
| Place of publication, distribution, etc. | London, |
| -- | New York, |
| Name of publisher, distributor, etc. | Oxford University Press, |
| Date of publication, distribution, etc. | 1971. |
| 300 ## - PHYSICAL DESCRIPTION | |
| Pagination | vii, 576 p. : |
| Illustrations | ill. ; |
| Size | 27 cm. |
| 504 ## - BIBLIOGRAPHY, ETC. NOTE | |
| Bibliography, etc | Includes bibliographies and indexes |
| 650 #0 - SUBJECT ADDED ENTRY--TOPICAL TERM | |
| Topical term or geographic name as entry element | Human physiology. |
| 9 (RLIN) | 162672 |
| Topical term or geographic name as entry element | Pathology. |
| 9 (RLIN) | 121176 |
| 700 1# - ADDED ENTRY--PERSONAL NAME | |
| Personal name | Keele, Cyril A. |
| Fuller form of name | (Cyril Arthur) |
| Personal name | Neil, Eric, |
| Relator term | ed. |
| 942 ## - ADDED ENTRY ELEMENTS (KOHA) | |
| Source of classification or shelving scheme | Dewey Decimal Classification |
| Koha item type | Books |
| Lost status | Source of classification or shelving scheme | Damaged status | Not for loan | Collection code | Permanent Location | Current Location | Shelving location | Date acquired | Source of acquisition | Cost, normal purchase price | Total Checkouts | Full call number | Date last seen | Copy number | Koha item type |
|---|---|---|---|---|---|---|---|---|---|---|---|---|---|---|---|
| Dewey Decimal Classification | Not For Loan | Non-fiction | Central Library, University of Rajshahi | Central Library, University of Rajshahi | Reading Room | 16/06/1976 | Oxford University Press | 68.00 | 612 WRS 1971 | 29/03/2017 | C-1 | Books | |||
| Dewey Decimal Classification | Non-fiction | Central Library, University of Rajshahi | Central Library, University of Rajshahi | 20/05/1977 | W. Heffersk Sons | 6.00 | 612 WRS 1971 | 29/05/2017 | C-2 | Books |